000 00403nam a22001697a 4500
003 MPLRDC
005 20220104113755.0
008 210129b ||||| |||| 00| 0 eng d
082 _a857.45 GY-3 v.5
100 _a高阳
245 _a红顶商人
_c
250 _a一版一刷
260 _a
_b中国友谊出版公司
_c1987
300 _b
650 _a历史小说
942 _cBK
_o857.45 GY-3 v.5
999 _c2258
_d2248